| 000 | 00627nam a2200205 a 4500 | ||
|---|---|---|---|
| 005 | 20240215063648.0 | ||
| 008 | 060622s2002 mx r 000 0 spa d | ||
| 020 | _a9687903430 | ||
| 035 | _aUPN01000145433 | ||
| 049 | _aCG | ||
| 050 | 4 |
_aQ180.55 M4 _bM3.2 |
|
| 100 | 1 | _aMaza Reducindo, Jorge | |
| 245 | 1 | 0 |
_aConocimiento e investigación / _cJorge Maza Reducindo, Mafaldo Maza Dueñas. |
| 260 |
_aMéxico : _bEdére, _c2002. |
||
| 300 |
_a167 p. : _bil., tablas |
||
| 650 | 4 |
_aInvestigación _xMetodología _95209 |
|
| 650 | 4 |
_aTeoría del conocimiento _91707 |
|
| 700 | 1 |
_aMaza Dueñas, Mafaldo, _ecoaut. |
|
| 905 | _aLibro | ||
| 999 |
_c117579 _d117579 |
||